000 00315nam a22001337a 4500
008 171016b xxu||||| |||| 00| 0 eng d
020 _a0135496004
041 _aeng
080 _24TH
_a331.101.262
100 _a52
101 _aBNJ
245 _aMANAGEMENT OF ORGANIZATIONAL BEHAVIOR
_cHERSEY,P
942 _2udc
_cBK
999 _c34238
_d34238